[Event "Ojinaga Perla del Desierto op"]
[Site "Ojinaga"]
[Date "2023.10.26"]
[Round "2"]
[White "Gonzalez, Juarez Jonathan"]
[Black "Jimenez Garcia, Emanuel"]
[Result "0-1"]
[WhiteElo "1708"]
[BlackElo "2387"]
[PlyCount "102"]
[EventDate "2023.10.26"]
[EventType "swiss"]
[EventRounds "7"]
[EventCountry "MEX"]
[SourceTitle "Mega2024 Update 01"]
[Source "Chessbase"]
[SourceDate "2023.11.12"]
[SourceVersion "1"]
[SourceVersionDate "2023.11.12"]
[SourceQuality "1"]

1. e4 d6 2. d4 Nf6 3. Nc3 e5 4. dxe5 dxe5 5. Qxd8+ Kxd8 6. Bc4 Ke8 7. f4 Bb4 8. Bd2 Nc6 9. Nf3 Bxc3 10. Bxc3 Nxe4 11. Bxe5 Nxe5 12. Nxe5 f6 13. Nd3 Nd6 14. Bb3 a5 15. a4 Bf5 16. 0-0-0 Kf8 17. h3 h5 18. g4 Bxd3 19. cxd3 Re8 20. Kd2 g6 21. gxh5 Rxh5 22. Rdg1 Kg7 23. Rg2 Nf5 24. Rhg1 Nh4 25. Rg3 c6 26. Bd1 Rd5 27. Rg4 Rh8 28. R1g3 Rh6 29. Bb3 Rd6 30. Re3 Nf5 31. Re8 Rxh3 32. Rg8+ Kh7 33. Bc4 Nh6 34. R8xg6 Nxg4 35. Rxg4 Rd7 36. f5 Rg7 37. Rd4 Kh6 38. Rd8 Kg5 39. Be6 Kf4 40. Rd4+ Ke5 41. Rd8 Rg2+ 42. Kc3 Rhh2 43. Rd7 Rc2+ 44. Kb3 Rxb2+ 45. Ka3 Rbd2 46. Kb3 Rb2+ 47. Ka3 Rb4 48. Re7 Kd4 49. Rd7+ Kc3 50. Rd6 Rh1 51. Ba2 Ra1 0-1